000
00287nam a22001217a 4500
082
_a
494
_b
NAM/H
100
_a
NAMPOOTHIRI K. N, VIDWAN
245
_a
HINDI MASTER
260
_a
CHANGANACHERRY
_b
ASSISI PRINTING& PUBLISHING
300
_a
203
650
_a
HINDI GRAMMAR
_z
KERALA
942
_c
BK
999
_c
4214
_d
4214